South Eastern Kenya University

Library Online Public Access Catalogue


Technical drawing / (Record no. 7308)

MARC details
000 -LEADER
fixed length control field 00430cam a22001454a 4500
020 ## - ISBN
International Standard Book Number 0130081833
050 00 - LIBRARY OF CONGRESS CALL NUMBER
Classification Number T 353
Item Number .T28 2003
245 00 - TITLE
Title Technical drawing /
Statement of responsibility, etc Frederick E. Giesecke ... [et al.].
250 ## - EDITIONSTATEMENT
Edition statement 12th ed.
260 ## - PUBLICATION, DISTRIBUTION, ETC.(IMPRINT)
Place of publication, distribution, etc Upper Saddle River, NJ :
Name of publisher, distributor, etc Prentice Hall/Pearson Education,
Date of publication, distribution, etc c2003.
300 ## - PHYSICAL DESCRIPTION
Extent (various pagings) :
650 #0 - SUBJECT--TOPIC
Topical term following geographic name as entry element Mechanical drawing
700 1# - ADDED ENTRY--PERSONAL AUTHOR
Personal Name Giesecke, Frederick E.
942 ## - ADDED ENTRY ELEMENTS(KOHA)
Source of classification or shelving scheme Library of Congress Classification
Koha item type General circulation
Holdings
Source of classification or shelving scheme Not for loan Location (home branch) Sublocation (holding branch) Shelving location Date accessioned Full call number Barcode Koha item type Public note
Library of Congress Classification   Main Campus Library Main Campus Library   27/07/2015 T 353 .T28 2003 2015/004680 General circulation smo
Kitui, Kenya.
+254736116989
library@seku.ac.ke